[Event "Niedersachsen-ch U18"]
[Site "Norderney"]
[Date "2014.04.15"]
[Round "6"]
[White "Schiermeyer, Lukas"]
[Black "Spieker, Christine"]
[Result "1-0"]
[WhiteElo "1716"]
[BlackElo "1647"]
[PlyCount "37"]
[EventDate "2014.04.??"]
[EventType "swiss"]
[EventRounds "9"]
[EventCountry "GER"]
[SourceTitle "EXT 2017"]
[Source "ChessBase"]
[SourceDate "2016.10.25"]
[SourceVersion "1"]
[SourceVersionDate "2016.10.25"]
[SourceQuality "1"]

1. e4 c5 2. Nf3 Nc6 3. d4 cxd4 4. Nxd4 g6 5. Nc3 Bg7 6. Be3 Nf6 7. Bc4 Qa5 8. 0-0 0-0 9. Nb3 Qc7 10. f4 d6 11. h3 Bd7 12. Be2 a6 13. Bf3 Rac8 14. Qd2 b5 15. Qf2 Be6 16. Rfd1 Rfd8 17. Bb6 Qb8 18. Bxd8 Rxd8 19. e5 1-0

[Event "GER-ch U18 Girls"]
[Site "Oberhof"]
[Date "2013.05.22"]
[Round "6"]
[White "Spieker, Christine"]
[Black "Halas, Julia"]
[Result "1/2-1/2"]
[WhiteElo "1689"]
[BlackElo "1576"]
[PlyCount "69"]
[EventDate "2013.05.19"]
[EventType "swiss"]
[EventRounds "9"]
[EventCountry "GER"]
[SourceTitle "CBM 154 Extra"]
[Source "ChessBase"]
[SourceDate "2013.06.25"]
[SourceVersion "2"]
[SourceVersionDate "2013.06.25"]
[SourceQuality "1"]

1. d4 d5 2. c4 e6 3. Nf3 Nf6 4. g3 c6 5. Bg2 Be7 6. 0-0 0-0 7. Nc3 Nbd7 8. b3 Re8 9. Bf4 dxc4 10. bxc4 Nb6 11. Qb3 Nh5 12. Ne4 Nxf4 13. gxf4 Qc7 14. e3 c5 15. Rac1 cxd4 16. Nxd4 e5 17. Nb5 Qb8 18. fxe5 Qxe5 19. Nxa7 Rxa7 20. Qxb6 Rxa2 21. Qb5 Qxb5 22. cxb5 Rb2 23. Rb1 Rxb1 24. Rxb1 b6 25. Rd1 Rd8 26. Rc1 Be6 27. Ng3 Bc5 28. Bc6 Rd3 29. Ne4 Be7 30. Kf1 Bd5 31. Ke2 Bxe4 32. Bxe4 Rd8 33. Rc7 Bd6 34. Rb7 Bc5 35. Bc6 1/2-1/2

[Event "GER-ch U18 Girls"]
[Site "Oberhof"]
[Date "2013.05.21"]
[Round "4"]
[White "Lehmann, Patricia"]
[Black "Spieker, Christine"]
[Result "1/2-1/2"]
[WhiteElo "1637"]
[BlackElo "1689"]
[PlyCount "131"]
[EventDate "2013.05.19"]
[EventType "swiss"]
[EventRounds "9"]
[EventCountry "GER"]
[SourceTitle "CBM 154 Extra"]
[Source "ChessBase"]
[SourceDate "2013.06.25"]
[SourceVersion "2"]
[SourceVersionDate "2013.06.25"]
[SourceQuality "1"]

1. d4 Nf6 2. Nf3 g6 3. c4 Bg7 4. Nc3 d5 5. Qb3 e6 6. Bg5 c6 7. cxd5 exd5 8. e3 0-0 9. Bd3 Qc7 10. 0-0 Be6 11. Bf4 Qc8 12. Ng5 Re8 13. Nxe6 Rxe6 14. Rac1 Nbd7 15. e4 Nb6 16. f3 Qd7 17. e5 Ne8 18. Be3 Nc7 19. f4 f5 20. g4 Rf8 21. Ne2 Bh6 22. Qc2 fxg4 23. b3 Nc8 24. Kh1 Ne7 25. Ng3 Bg7 26. f5 gxf5 27. Nxf5 Ng6 28. Nxg7 Qxg7 29. Rxf8+ Nxf8 30. Rf1 Re7 31. Qd2 Rf7 32. Rxf7 Qxf7 33. Qf2 Nce6 34. Bf5 Qh5 35. Bxe6+ Nxe6 36. Qf6 Qf7 37. Qxf7+ Kxf7 38. Kg2 Kg6 39. Kg3 h5 40. Kh4 b6 41. b4 Ng7 42. Kg3 Nf5+ 43. Kf4 h4 44. Bf2 g3 45. hxg3 hxg3 46. Bg1 Ng7 47. Kxg3 Kf5 48. Kf3 Ne6 49. Be3 a6 50. Bf2 c5 51. dxc5 bxc5 52. Bxc5 Kxe5 53. Be3 d4 54. Bd2 Kd5 55. a4 Kc4 56. b5 axb5 57. axb5 Kxb5 58. Bh6 Kc4 59. Ke4 d3 60. Ke5 Nc5 61. Kf5 Kd4 62. Bd2 Nb3 63. Bh6 Kc3 64. Ke4 Kc2 65. Kf3 Kd1 66. Kf2 1/2-1/2

[Event "Niedersachsen-ch U18"]
[Site "Rotenburg"]
[Date "2013.03.27"]
[Round "7"]
[White "Almeev, Timur"]
[Black "Spieker, Christine"]
[Result "1-0"]
[WhiteElo "1788"]
[BlackElo "1660"]
[PlyCount "45"]
[EventDate "2013.03.23"]
[EventType "swiss"]
[EventRounds "9"]
[EventCountry "GER"]
[SourceTitle "EXT 2015"]
[Source "ChessBase"]
[SourceDate "2014.11.20"]
[SourceVersion "1"]
[SourceVersionDate "2014.11.20"]
[SourceQuality "1"]

1. e4 c5 2. c3 d5 3. exd5 Qxd5 4. d4 Nc6 5. Nf3 Bg4 6. Be2 cxd4 7. cxd4 e6 8. 0-0 Be7 9. Nc3 Qd8 10. h3 Bh5 11. d5 exd5 12. Nxd5 Nf6 13. Nxe7 Nxe7 14. Qb3 b6 15. Rd1 Qc7 16. Bb5+ Kf8 17. Bg5 Bxf3 18. Qxf3 Rd8 19. Bxf6 gxf6 20. Rxd8+ Qxd8 21. Rd1 Qc8 22. Qxf6 Rg8 23. Rd7 1-0

[Event "Niedersachsen-ch U16"]
[Site "Rotenburg"]
[Date "2012.04.04"]
[Round "6"]
[White "Edel, Fenja"]
[Black "Spieker, Christine"]
[Result "1-0"]
[WhiteElo "1649"]
[BlackElo "1387"]
[PlyCount "101"]
[EventDate "2012.03.31"]
[EventType "swiss"]
[EventRounds "9"]
[EventCountry "GER"]
[SourceTitle "EXT 2015"]
[Source "ChessBase"]
[SourceDate "2014.11.20"]
[SourceVersion "1"]
[SourceVersionDate "2014.11.20"]
[SourceQuality "1"]

1. e4 c5 2. Nc3 Nc6 3. f4 g6 4. Nf3 Bg7 5. Bc4 e6 6. 0-0 Nge7 7. a3 d5 8. exd5 Nxd5 9. Bxd5 exd5 10. Re1+ Ne7 11. Qe2 Bf6 12. Qb5+ Bd7 13. Qxc5 Be6 14. Qb5+ Qd7 15. Qxd7+ Kxd7 16. Ne5+ Ke8 17. Nb5 Kf8 18. Nc7 Rc8 19. Nxe6+ fxe6 20. Nd7+ Kf7 21. Nxf6 Kxf6 22. c3 a5 23. d3 Rc7 24. Be3 Nc6 25. Re2 Rhc8 26. Rae1 Re7 27. Bf2 Ree8 28. Bh4+ Kf7 29. Re3 a4 30. g4 b5 31. Rf3 Kg7 32. Rfe3 Kf7 33. Rh3 h5 34. gxh5 gxh5 35. Bg5 Kg6 36. Rhe3 Kf5 37. Kh1 e5 38. h4 e4 39. dxe4+ dxe4 40. Rd1 Ne7 41. Rd7 Ng6 42. Rd5+ Kg4 43. Kh2 Ne5 44. fxe5 Kf5 45. Rxb5 Rxe5 46. Rb4 Ra8 47. Kg3 Raa5 48. Bf4 Re7 49. c4 Raa7 50. Rb5+ Kg6 51. Rg5+ 1-0

[Event "Niedersachsen-ch U16"]
[Site "Rotenburg"]
[Date "2012.04.01"]
[Round "3"]
[White "Spieker, Christine"]
[Black "Hoppenburg, Jannik"]
[Result "1-0"]
[WhiteElo "1387"]
[BlackElo "1252"]
[PlyCount "77"]
[EventDate "2012.03.31"]
[EventType "swiss"]
[EventRounds "9"]
[EventCountry "GER"]
[SourceTitle "EXT 2015"]
[Source "ChessBase"]
[SourceDate "2014.11.20"]
[SourceVersion "1"]
[SourceVersionDate "2014.11.20"]
[SourceQuality "1"]

1. Nf3 Nf6 2. c4 g6 3. b4 Bg7 4. Bb2 0-0 5. g3 d6 6. d4 Nbd7 7. Bg2 a5 8. a3 c6 9. 0-0 Qb6 10. Qd2 Ne4 11. Qe3 f5 12. Nbd2 Ndf6 13. c5 Qb5 14. Qb3+ d5 15. e3 a4 16. Qc2 Bd7 17. Rfe1 h6 18. Bf1 Ng4 19. Bxb5 Ngxf2 20. Nxe4 Nxe4 21. Bd3 Rf7 22. Nh4 Rf6 23. Rf1 g5 24. Ng2 g4 25. Bxe4 dxe4 26. Nf4 Be8 27. d5 Rf7 28. Bxg7 Rxg7 29. dxc6 Bxc6 30. Rad1 Bb5 31. Rf2 e5 32. Ne6 Rh7 33. Rd8+ Rxd8 34. Nxd8 h5 35. Rxf5 h4 36. Qa2+ Kg7 37. Rf7+ Kg6 38. Qe6+ Kg5 39. Rf5# 1-0

[Event "Niedersachsen-ch U16"]
[Site "Rotenburg"]
[Date "2012.03.31"]
[Round "1"]
[White "Spieker, Christine"]
[Black "Beinke, Lukas"]
[Result "1/2-1/2"]
[WhiteElo "1387"]
[BlackElo "1791"]
[PlyCount "145"]
[EventDate "2012.03.31"]
[EventType "swiss"]
[EventRounds "9"]
[EventCountry "GER"]
[SourceTitle "EXT 2015"]
[Source "ChessBase"]
[SourceDate "2014.11.20"]
[SourceVersion "1"]
[SourceVersionDate "2014.11.20"]
[SourceQuality "1"]

1. Nf3 Nf6 2. c4 e6 3. g3 d5 4. Bg2 c6 5. b3 Be7 6. 0-0 Nbd7 7. Bb2 0-0 8. d3 Qc7 9. Nbd2 b6 10. Rc1 Bb7 11. a3 Rac8 12. b4 Qb8 13. cxd5 Nxd5 14. Qb3 c5 15. b5 Bf6 16. Nc4 Bxb2 17. Qxb2 a6 18. bxa6 Bxa6 19. Nfe5 Nxe5 20. Nxe5 Qa7 21. Rc2 b5 22. Qa2 Rfd8 23. Rfc1 Qb6 24. e3 f6 25. Bxd5 exd5 26. Nf3 Kh8 27. d4 c4 28. Rb1 Ra8 29. Rb4 Bb7 30. Nd2 Qa5 31. Nb1 Bc6 32. Rcb2 Rdc8 33. Kg2 Bd7 34. Nc3 Qxa3 35. Qxa3 Rxa3 36. Nxb5 Bxb5 37. Rxb5 Rd8 38. Rc5 Ra7 39. Kf3 Rad7 40. Rd2 Re8 41. g4 g6 42. h4 Kg7 43. Re2 f5 44. gxf5 gxf5 45. Kf4 Kf6 46. f3 h6 47. h5 Red8 48. Rg2 Rg7 49. Rxg7 Kxg7 50. Kxf5 Kf7 51. Rc7+ Ke8 52. Ke6 Kf8 53. e4 dxe4 54. fxe4 Rxd4 55. Ke5 Rd1 56. Rxc4 Rh1 57. Kf6 Ke8 58. Kg6 Rg1+ 59. Kxh6 Kf7 60. Rc7+ Kf6 61. Rc6+ Kf7 62. Rg6 Re1 63. Rg4 Kf6 64. Kh7 Kf7 65. Rf4+ Ke7 66. h6 Rg1 67. e5 Rg5 68. Rf6 Rxe5 69. Rg6 Kf8 70. Rg8+ Kf7 71. Rg7+ Kf6 72. Kh8 Re1 73. Kh7 1/2-1/2